Ganas De Ti - Pacho el Antifeka, Lenny Tavárez - Estadísticas

Estadísticas generales
  • Esta prueba ha sido intentada 25 veces
  • La puntuación promedio es 66 de 255
Estadísticas de respuestas
Letra % Correcto
a
100%
A
100%
en
100%
ma,
100%
ma.
100%
mi
100%
mí,
100%
no'
100%
No
100%
no
100%
quiero
100%
Con
50%
con
50%
culo
50%
de
50%
el
50%
hace'
50%
hacerlo
50%
idioma'
50%
las
50%
lo'
50%
lo
50%
los
50%
más
50%
me
50%
Me
50%
mundo
50%
muslo'
50%
pa'
50%
Pa'
50%
Porque
50%
prefieres
50%
que
50%
Que
50%
quedé
50%
sin
50%
Un
50%
una
50%
abierto,
0%
Acho,
0%
adicta
0%
al
0%
amigos
0%
anterior
0%
Baby,
0%
baby,
0%
bicho
0%
bien
0%
booty
0%
bote
0%
capela
0%
cintura
0%
comimo',
0%
como
0%
cómo
0%
Cómo
0%
conmigo
0%
consigo
0%
contigo
0%
cordura
0%
cuando
0%
cuarto,
0%
Desnu'a
0%
Diciendo
0%
doy
0%
dura
0%
Encima
0%
entrega,
0%
equivoque'
0%
eras
0%
esa
0%
escribiéndote
0%
ese
0%
Ese
0%
está
0%
estás
0%
ganas
0%
gemías
0%
grabé
0%
grandote'
0%
gustan
0%
hay
0%
imaginándote
0%
inbox
0%
la
0%
lengua
0%
llevó
0%
loca
0%
locura
0%
mando
0%
Mar
0%
mensaje
0%
meta
0%
mía
0%
movías
0%
mucho
0%
noche
0%
Otra
0%
otra
0%
pedírmelo
0%
pensando
0%
pierdo
0%
polvo
0%
poses
0%
procura
0%
recorriéndote
0%
Regálame
0%
repetir
0%
rico
0%
0%
Siempre
0%
Somo'
0%
Tantos
0%
te
0%
teca
0%
temblaba'
0%
ti
0%
tiene
0%
tiene'
0%
to'
0%
to'as
0%
Todavía
0%
totito
0%
0%
0%
tu
0%
tuyo
0%
vamo'
0%
venías
0%
ver
0%
verno'
0%
vernos
0%
vez
0%
vídeos
0%
volver
0%
volverno'
0%
Y
0%
yo
0%
Yo
0%
No se encontraron pruebas coincidentes
Distribución de puntuación
Porcentaje de gente con cada puntuación
Porcentaje por número respondido
Historial de tus puntuaciones
No has intentado esta prueba.